[Event "Canadian op 48th U2000"]
[Site "Toronto"]
[Date "2011.07.15"]
[Round "7"]
[White "Palmer, Jordan"]
[Black "Johnson, Perry V"]
[Result "1-0"]
[WhiteElo "1947"]
[BlackElo "1846"]
[PlyCount "78"]
[EventDate "2011.07.09"]
[EventType "swiss"]
[EventRounds "9"]
[EventCountry "CAN"]
[SourceTitle "EXT 2022"]
[Source "ChessBase"]
[SourceDate "2021.10.06"]
[SourceVersion "1"]
[SourceVersionDate "2021.10.06"]
[SourceQuality "1"]

1. e4 e5 2. Nf3 Nc6 3. Bb5 a6 4. Bxc6 dxc6 5. 0-0 Bg4 6. h3 Bxf3 7. Qxf3 Qf6 8. Qb3 0-0-0 9. Nc3 g5 10. Ne2 Bc5 11. Qg3 h6 12. c3 Ne7 13. b4 Ba7 14. a4 Rdg8 15. c4 Qe6 16. d3 g4 17. hxg4 Rxg4 18. Qf3 Ng6 19. Qh3 Nh4 20. Ng3 Bd4 21. Ra2 Rhg8 22. Kh2 Kb8 23. Re2 Qg6 24. Be3 Bxe3 25. Rxe3 Qg5 26. Kg1 f5 27. exf5 Nxf5 28. Rxe5 Qf4 29. Rxf5 Qd4 30. Rf3 Qg7 31. Re1 Ka7 32. Rfe3 h5 33. Qxh5 Rh8 34. Qc5+ b6 35. Qxc6 Rh6 36. Qe8 Rh8 37. Qe7 Qg6 38. Qxc7+ Ka8 39. Re7 Rh1+ 1-0

[Event "Canadian op 48th U2000"]
[Site "Toronto"]
[Date "2011.07.13"]
[Round "5"]
[White "Johnson, Perry V"]
[Black "Siddeley, Hugh"]
[Result "1/2-1/2"]
[WhiteElo "1846"]
[BlackElo "1996"]
[PlyCount "66"]
[EventDate "2011.07.09"]
[EventType "swiss"]
[EventRounds "9"]
[EventCountry "CAN"]
[SourceTitle "EXT 2022"]
[Source "ChessBase"]
[SourceDate "2021.10.06"]
[SourceVersion "1"]
[SourceVersionDate "2021.10.06"]
[SourceQuality "1"]

1. e4 c5 2. Nc3 Nc6 3. Nge2 g6 4. g3 Bg7 5. Bg2 Rb8 6. 0-0 b5 7. d3 e6 8. f4 Nge7 9. e5 d6 10. exd6 Qxd6 11. Ne4 Qd8 12. c3 b4 13. Nxc5 bxc3 14. bxc3 Bxc3 15. Nxc3 Qd4+ 16. Kh1 Qxc3 17. Be3 0-0 18. Rc1 Qg7 19. Bxc6 Nxc6 20. Qa4 Nd8 21. Qxa7 Qb2 22. Qc7 Ra8 23. a4 Nb7 24. Rb1 Qe2 25. Nxb7 Bxb7+ 26. Qxb7 Qxe3 27. Qe4 Qxe4+ 28. dxe4 Rxa4 29. e5 Ra2 30. Kg1 Rd8 31. Rfd1 Rdd2 32. Rxd2 Rxd2 33. Rf1 Kf8 1/2-1/2